000 01976nam a2200373 a 4500
001 ebr10630494
003 CaPaEBR
006 m u
007 cr cn|||||||||
008 120308s2012 inua sb 001 0 eng d
010 _z 2012934987
020 _z9781118204122 (pbk.)
020 _z1118204123 (pbk.)
020 _z9781118228432 (e-book)
040 _aCaPaEBR
_cCaPaEBR
035 _a(OCoLC)806088062
050 1 4 _aQA76.774.I67
_bI67 2012eb
082 0 4 _a005.8
_223
245 0 0 _aiOS hacker's handbook
_h[electronic resource] /
_cCharlie Miller ... [et al].
260 _aIndianapolis, Ind. :
_bWiley,
_cc2012.
300 _axx, 388 p. :
_bill.
504 _aIncludes bibliographical references (p. 365-367) and index.
505 0 _aiOS security basics -- iOS in the enterprise -- Encryption -- Code signing and memory protections -- Sanboxing -- Fuzzing iOS applications -- Exploitation -- Return-oriented programming -- Kernel debugging and exploitation -- Jailbreaking -- Baseband attacks.
520 _a"The world loves iOS. Users love the convenience. Black hats love the vulnerability. This book arms you with the knowledge and tools to protect your organization's iOS devices. If you're a developer, it will also help you create hack-resistant applications."--P. [4] of cover--
_cSource other than Library of Congress.
533 _aElectronic reproduction.
_bPalo Alto, Calif. :
_cebrary,
_d2011.
_nAvailable via World Wide Web.
_nAccess may be limited to ebrary affiliated libraries.
630 0 0 _aiOS (Electronic resource)
650 0 _aOperating systems (Computers)
_xSecurity measures.
650 0 _aApplication software
_xSecurity measures.
650 0 _aApplication software
_xDevelopment.
655 7 _aElectronic books.
_2local
700 1 _aMiller, Charles,
_d1951-
710 2 _aebrary, Inc.
856 4 0 _uhttp://site.ebrary.com/lib/rucke/Doc?id=10630494
_zAn electronic book accessible through the World Wide Web; click to view
999 _c52763
_d52763